List of most-subscribed YouTube channels - Statistics

General Stats
  • This quiz has been taken 33 times
  • The average score is 4 of 15
Answer Stats
Number of subscribers Answer % Correct
225 million (United States) MrBeast
94%
111 million (Sweden/Japan) PewDiePie
76%
256 million (India) T-Series
64%
169 million (United States) Cocomelon - Nursery Rhymes
42%
92.5 million (South Korea) BLACKPINK
24%
80.5 million (Cyprus) 5-Minute Crafts
15%
77.1 million (South Korea) BANGTANTV
12%
167 million (India) SET India
12%
98.8 million (United States) WWE
12%
117 million (Germany/Canada) Kids Diana Show
9%
111 million (United States/Russia) Like Nastya
9%
88.2 million (India) Sony SAB
6%
107 million (United States/Russia) Vlad and Niki
6%
93.1 million (India) Goldmines
3%
103 million (India) Zee Music Company
3%
No matching quizzes found
Score Distribution
Percent of People with Each Score
Percentile by Number Answered
Your Score History
You have not taken this quiz